000 00759nam a2200253Ia 4500
003 OSt
005 20221005024747.0
006 a|||||r|||| 00| 0
007 ta
008 221004b |||||||| |||| 00| 0 ara d
020 _a9789774201360 (pbk)
_c800
024 _a115445
037 _b386, 23/03/2012, Nadwi Publications
_cTextual
040 _aCRL
_cCRL
_bara
041 _2ara
_aara
082 _aNT461k, 28P7.1-.5
100 _aMahmood Fatima Mussa Au.
245 0 _aQamoosul misrah
260 _aCairo
_bAlhiyah Almisriyah
_c2007
300 _a390p.
_ccm.
650 _aTHEATER
942 _hNT461k, 28P7.1-.5
_cTEXL
_2cc
999 _c933404
_d933404